Top 50 ranking FIFA - Statystyki

Ogólne statystyki
  • Ten quiz został rozwiązany 127 razy
  • Średni wynik to 38 z 50
Statystyki odpowiedzi
Punkty Reprezentacje % Poprawnych
1861 Argentyna
99%
1853 Francja
98%
1812 Brazylia
97%
1519 Polska
96%
1808 Anglia
95%
1726 Hiszpania
95%
1718 Włochy
95%
1740 Portugalia
94%
1546 Szwecja
93%
1794 Belgia
92%
1643 Niemcy
92%
1676 USA
91%
1739 Holandia
89%
1498 Rosja
89%
1664 Meksyk
88%
1470 Norwegia
86%
1549 Ukraina
86%
1490 Czechy
84%
1613 Japonia
84%
1658 Maroko
84%
1504 Chile
83%
1627 Kolumbia
83%
1712 Chorwacja
82%
1612 Dania
81%
1455 Kanada
80%
1645 Szwajcaria
80%
1512 Egipt
77%
1540 Korea Południowa
77%
1445 Słowacja
77%
1512 Szkocja
77%
1644 Urugwaj
77%
1529 Walia
76%
1498 Turcja
75%
1535 Austria
74%
1522 Węgry
73%
1531 Australia
72%
1601 Senegal
71%
1525 Serbia
68%
1533 Peru
65%
1567 Iran
63%
1508 Ekwador
60%
1447 Rumunia
60%
1467 Kamerun
59%
1490 Nigeria
56%
1513 Algieria
52%
1452 Kostaryka
52%
1516 Tunezja
52%
1446 Wenezuela
49%
1461 Panama
42%
1450 Mali
19%
Nie znaleziono quizów pasujących do podanych kryteriów
Rozkład punktacji
Procent ludzi z każdym wynikiem
Percentyl według liczby udzielonych odpowiedzi
Twoja historia wyników
Nie rozwiązałeś tego quizu